| 000 | 00453nam a2200157 i 4500 | ||
|---|---|---|---|
| 001 | 94298 | ||
| 003 | ES-MaACL | ||
| 005 | 20230906181439.0 | ||
| 007 | t| | ||
| 008 | 050427s1956 sp ||||1| spa d | ||
| 100 | 1 |
_aLópez Pedrol, José Luis. _973871 |
|
| 245 | 1 | 0 |
_aMis ventanas quieren silencio / _cJosé Luis López Pedrol. |
| 260 |
_aLérida : _b[s.n.], _c1956 ( _fImp. Miró) |
||
| 300 |
_a103 p. ; _c24 cm. |
||
| 852 |
_aES-MaACL _jC-12230 _bR.40416 |
||
| 999 |
_c94298 _d94298 |
||